All 10k+ Cities in Sri Lanka - Statistics

General Stats
  • This quiz has been taken 44 times
    38 since last reset
  • The average score is 19 of 56
Answers on the Map
Answers color-coded by a green-red scale on the quiz's map according to % correct below.
 
Answer Stats
Province Population Answer % Correct
Western 561,314 Colombo
94%
Central 98,828 Kandy
81%
Southern 86,333 Galle
74%
Northern 80,829 Jaffna
68%
North Central 50,595 Anuradhapura
65%
Western 142,449 Negombo
61%
Eastern 48,351 Trincomalee
58%
Central 23,804 Nuwara Eliya
55%
Eastern 86,227 Batticaloa
52%
Uva 42,237 Badulla
48%
Northern 34,816 Vavuniya
45%
Eastern 22,511 Ampara
42%
Western 62,335 Gampaha
42%
Western 32,417 Kalutara
39%
Sabaragamuwa 15,993 Kegalle
39%
Northern 24,417 Mannar
39%
Central 36,462 Matale
39%
Southern 74,193 Matara
39%
Central 23,814 Dambulla
35%
Eastern 99,893 Kalmunai
35%
Northern 12,334 Point Pedro
35%
Sabaragamuwa 47,105 Ratnapura
35%
Central 37,871 Gampola
32%
Southern 23,236 Hambantota
32%
Western 60,915 Katunayake
32%
North Western 24,833 Kurunegala
32%
North Western 45,511 Puttalam
32%
Western 107,925 Sri Jayawardenepura
32%
Southern 22,377 Weligama
32%
Southern 27,075 Hikkaduwa
29%
Western 168,280 Moratuwa
29%
Uva 24,168 Bandarawela
26%
North Western 21,441 Chilaw
26%
Western 31,232 Ja-Ela
26%
Western 30,069 Panadura
26%
Northern 16,129 Chavakachcheri
23%
Western 184,468 Dehiwala-Mount Lavinia
23%
Sabaragamuwa 36,712 Embilipitiya
23%
Eastern 24,643 Eravur
23%
Eastern 36,772 Kinniya
23%
Central 13,338 Nawalapitiya
23%
Southern 19,990 Ambalangoda
19%
Western 37,793 Beruwala
19%
Central 12,654 Kadugannawa
19%
Western 252,041 Kaduwela
19%
Eastern 40,356 Kattankudy
19%
Western 196,423 Maharagama
19%
Eastern 30,934 Akkaraipattu
16%
Sabaragamuwa 16,510 Balangoda
16%
Western 60,110 Boralesgamuwa
16%
Western 185,122 Kesbewa
16%
Western 27,736 Peliyagoda
13%
Western 60,044 Kolonnawa
10%
Central 14,585 Hatton-Dickoya
6%
Western 30,308 Seethawakapura
6%
Western 28,031 Wattala-Mabole
6%
No matching quizzes found
Score Distribution
Percent of People with Each Score
Percentile by Number Answered
Your Score History
You have not taken this quiz since the last reset